Shots and Shooters (Record no. 418442)

MARC details
000 -LEADER
fixed length control field 00343nam a2200157Ia 4500
008 - FIXED-LENGTH DATA ELEMENTS--GENERAL INFORMATION
fixed length control field 230605s2005 xx 000 0 und d
041 ## - LANGUAGE CODE
Language code of text/sound track or separate title eng
100 ## - MAIN ENTRY--PERSONAL NAME
Personal name Costantino
245 ## - TITLE STATEMENT
Title Shots and Shooters
260 ## - PUBLICATION, DISTRIBUTION, ETC.
Name of publisher, distributor, etc. S.L. Dwivedi
Date of publication, distribution, etc. 2005
-- 2005
300 ## - PHYSICAL DESCRIPTION
Extent 240
365 ## - TRADE PRICE
Price amount 651
Tax rate 1 25
500 ## - GENERAL NOTE
General note 1680
520 ## - SUMMARY, ETC.
Summary, etc. General
650 ## - SUBJECT ADDED ENTRY--TOPICAL TERM
Topical term or geographic name entry element GEN

No items available.